000
00337 a2200157 4500
001
71022
020
_a
8504008886
040
_c
Anchieta - Itaigara
100
_a
Possolo, Hugo
240
1
0
_a
O bricabraque
_l
por
245
1
0
_a
O bricabraque
300
_a
32p.
362
0
_a
2005
650
4
_a
Literatura infanto-juvenil
942
_c
BK
999
_c
71022
_d
71022